Elements of Mathematics: Algebra I - Chapters 1-3 /

Gespeichert in:
Bibliographische Detailangaben
1. Verfasser: Bourbaki, N (Verfasst von)
Format: Buch
Sprache:Englisch
Veröffentlicht: New York: Springer-Verlag, 1991
Ausgabe:2. vyd.
Schlagworte:
Tags: Tag hinzufügen
Keine Tags, Fügen Sie das erste Tag hinzu!

MARC

LEADER 00000nam a22000003a 4500
001 0023529
003 SK-STU
005 20170425102942.7
007 ta
008 170425s ----xo-----e------000-0-----d
020 |a 3-540-64243-9 
040 |a STU  |b slo 
041 0 |a eng  |h eng 
044 |a xxu 
100 1 |a Bourbaki, N  |4 aut 
245 1 0 |a Elements of Mathematics:  |b Algebra I - Chapters 1-3 /  |c aut. N Bourbaki 
250 |a 2. vyd. 
260 |a New York:  |b Springer-Verlag,  |c 1991 
300 |a 709 s. 
650 0 7 |a algebra 
650 0 7 |a Topológia algebraická 
650 0 7 |a Funkcie matematické 
650 0 7 |a vektory 
650 0 7 |a derivácie 
996 |c V* 52549/O-23706  |l VV11  |s P  |a 0  |w 0023529_0001